| 000 | 01068cam a2200301 a 4500 | ||
|---|---|---|---|
| 001 | 2070563 | ||
| 003 | OSt | ||
| 005 | 20240426152627.0 | ||
| 008 | 940928s1995 enka b 001 0 eng | ||
| 010 | _a 94038849 | ||
| 020 | _a9783527406012 | ||
| 040 |
_aDLC _cDDC _dDLC |
||
| 050 | 0 | 0 |
_aQC585.7.D5 _bJ6 1995 |
| 082 | 0 | 0 | _a539.72 GRI 2008 |
| 100 | 1 |
_aGriffiths, David _914667 |
|
| 245 | 1 | 0 | _aIntroduction to Elementary Particles |
| 250 | _a2nd ed. | ||
| 260 |
_aUSA; _aWiley-VCH, _c2008 |
||
| 300 |
_axvii, 454p. : _bill. ; _c24 cm. |
||
| 504 | _aIncluded appendices, & index. | ||
| 650 | 0 |
_aPhysics particles _9809 |
|
| 856 | 4 | 1 |
_3Sample text _uhttp://www.loc.gov/catdir/samples/cam034/94038849.html |
| 856 | 4 | 2 |
_3Publisher description _uhttp://www.loc.gov/catdir/description/cam026/94038849.html |
| 856 | 4 | 1 |
_3Table of contents _uhttp://www.loc.gov/catdir/toc/cam025/94038849.html |
| 906 |
_a7 _bcbc _corignew _d1 _eocip _f19 _gy-gencatlg |
||
| 942 |
_2ddc _cO_SHELF |
||
| 999 |
_c7119 _d7119 |
||